les marques d'ordinateur - Statistiques

Statistiques générales
  • Ce quiz a été pris 251 fois
    232 depuis la dernière actualisation
  • Le résultat moyen est 7 sur 19
Statistiques - réponses
Origine Marque % Correct
États-Unis Apple
84%
États-Unis HP
78%
Taïwan Asus
77%
Corée du Sud Samsung
65%
Taïwan Acer
61%
Chine Lenovo
61%
États-Unis Dell
60%
Chine Huawei
35%
États-Unis Microsoft
32%
Taïwan MSI
29%
Japon Toshiba
28%
Japon Sony
24%
Chine Xiaomi
17%
Pays-Bas Packard Bell
12%
États-Unis Razer
11%
États-Unis Compaq
8%
Japon Fujitsu
5%
Allemagne Medion
3%
France Ordissimo
2%
Aucun quiz correspondant
Distribution des résultats
% des personnes avec chaque résultat
Percentile par nombre de réponses
Votre historique - résultats
Vous n’avez pas pris ce quiz depuis la dernière actualisation